[Event "Reykjavik op"]
[Site "Reykjavik"]
[Date "2018.03.07"]
[Round "3"]
[White "Lagarde, Maxime"]
[Black "Fernandez, Daniel Howard"]
[Result "1/2-1/2"]
[WhiteElo "2587"]
[BlackElo "2505"]
[Annotator "Fernandez,D"]
[PlyCount "151"]
[EventDate "2018.03.06"]
[EventType "swiss"]
[EventRounds "9"]
[EventCountry "ISL"]
[SourceTitle "CBM 184"]
[Source "ChessBase"]
[SourceDate "2018.05.16"]
[SourceVersion "1"]
[SourceVersionDate "2018.05.16"]
[SourceQuality "1"]

1. e4 c5 2. Nf3 d6 3. d4 Nf6 4. Nc3 cxd4 5. Nxd4 a6 6. h4 $5 {An interesting
new continuation that has gained followers at the top level for a while now.
Nevertheless, being a relatively recent addition to the Najdorf club, I didn't
really have a good idea what to do.} Nc6 (6... e5 7. Nb3 Be6 8. f4 exf4 9. Bxf4
Nc6 {has been the 'most played' line, although the strongest Black players
have always deviated from it in slightly creative ways, e.g. Svidler with 8...
g6.}) 7. Be2 {A novelty according to my database!} (7. h5 h6 8. Be3 $6 Ng4 {
was played in various games, like Yu,Y-Lu,S China 2017, however White's play
does not impress if he has to take on c6.}) (7. Be3 Ng4 8. Nxc6 bxc6 9. Bd2 h5
10. f3 Nf6 $11 {Shankland,S-Ortiz Suarez,I Matanzas 2017, was equal.}) 7... e5
(7... g6 $5 8. h5 Nxh5 9. Bxh5 gxh5 {was something I rather wanted to play,
but in the cold light of day this looks too experimental.}) 8. Nb3 h6 $6 {
Blitzed out, but the alternative of allowing Bg5 was less terrible than it
seemed.} (8... Be7 9. Bg5 Be6 10. g3 O-O 11. Bxf6 Bxf6 12. Nd5 g6 $132) 9. Be3
{On a human level, both this and the next scream out to be played, because the
idea of letting Black get ...d5 in is not a clever one.} Be6 10. Nd5 Bxd5 11.
exd5 Nb8 (11... Ne7 12. c4 Nf5 13. Bd2 h5 {is a hard position to assess, as
much now as during the game. With the engine running we can see that while the
bishop pair is likely to vanish soon, White might have a small something here
with super-accurate play.}) 12. a4 Be7 13. a5 h5 14. c4 Nbd7 15. Nd2 $1 b5 $6 {
A bad move in a rather difficult position. The way to go was with pawn
sacrifices.} (15... O-O $5 16. Bxh5 (16. b4 Ng4 $1 17. Bxg4 hxg4 18. Qxg4 f5
$11) 16... Nxh5 17. Qxh5 f5 18. Nf3 Qe8 $1 (18... f4 19. Ng5 $1 Nf6 20. Qg6 $16
) 19. Qxe8 Rfxe8 20. Bg5 Rac8 21. b3 Nc5 $14 {Black has a measure of
compensation for the pawn, and a position that makes some sense overall.}) 16.
axb6 Nxb6 17. Nb3 $1 {This is obvious and good. My opponent conducted this
phase of the game extremely powerfully.} Nc8 18. Na5 Qd7 19. Nc6 Ng4 20. Bd2 (
20. Bg5 Qf5 $6 {was an idea worth avoiding, even if the engine points out} 21.
Bf3 $1 e4 22. Nd4 $1 $18) 20... Bf6 {My instinct told me that since
time-trouble was approaching, my opponent would rather like to snap off this
bishop and castle short, and leave the execution for another time.} 21. f3 Nh6
22. g4 $1 Bd8 $1 (22... hxg4 23. fxg4 Nf5 {occurred to me, and I suspect my
opponent had a brief panic over it, but White is trivially winning with} 24. g5
{and Bg4 next.}) 23. Bxh6 gxh6 24. f4 $1 (24. Qb3 {or something must be
playable, but it is much less incisive and Black can begin to unravel with}
hxg4 25. fxg4 Ne7 $16) 24... Qb7 {Trying to stir something up with the queen
in the middle of his position during his time-trouble.} (24... Bf6 25. g5 Bg7
26. fxe5 dxe5 27. Qd2 $18 {looked unnecessarily easy.}) 25. fxe5 dxe5 26. Qa4 (
26. Qd3 Qxb2 27. Rb1 Qa2 28. O-O $18) 26... Qxb2 27. O-O $6 O-O $1 {Suddenly
the game is back on...} 28. Ra2 Qb6+ 29. Kh1 Qe3 (29... Ne7 $1 $14) 30. Qa3
Qe4+ $2 (30... Qxa3 31. Rxa3 Nd6 32. gxh5 Bxh4 $14 {looked scary to me because
of his connected passers, but in fact I also possess a pair and they can
facilitate a trick or two.}) 31. Qf3 $2 {The moment passes unnoticed.} (31. Kh2
hxg4 32. Bxg4 $18 {would be a violent end for Black.}) 31... Nd6 32. Nxd8 $2 (
32. c5 hxg4 33. Rg1 $1 Kh8 34. Rxg4 Qxf3+ 35. Bxf3 e4 $16 {would have still
forced me into a horrific defence, if indeed it is possible.}) 32... Rfxd8 33.
Qxe4 Nxe4 34. Kg2 a5 35. Rf5 $6 (35. Bf3 $11) 35... Nc3 36. Rc2 Nxe2 37. Rxe2 {
Suddenly and briefly, Black has the task of trying to play for a win, but I
was not able to find a good try.} Rdc8 {Probably a step in the wrong direction.
Black's winning attempts mostly involve keeping both pairs of rooks, although
if you had told me that during the game it might not have helped with my move
choice.} (37... a4 $1 38. Rxh5 (38. Rfxe5 hxg4 39. c5 f6 40. R5e4 Rxd5 $17)
38... a3 39. Ra2 Rdc8 40. Rxe5 Rxc4 $15 {This position should be a draw, but
there is a chance he could fail to answer one of the difficult questions I am
able to pose between now and then.}) 38. Rc2 Rc5 $6 (38... a4 39. Rxe5 a3 40.
Re1 hxg4 41. c5 a2 42. Ra1 Ra5 $15 {was called for, getting out of the woods
myself before trying to be clever}) 39. Rxh5 a4 40. Rxe5 a3 $6 {A disastrous
move 40.} (40... Rac8 41. Kf3 Rxc4 42. Rxc4 Rxc4 43. Ke3 f6 44. Re7 Kf8 45. d6
Rxg4 $1 $11 {was still level, even if it is now me finding machinery to aid me
in saving the game.}) 41. Ree2 Ra6 $6 (41... Kg7 $1 {was the calm move that
was called for:} 42. d6 Rd8 43. Red2 a2 44. Rxa2 Rxc4 {and Black should be
able to equalise the material and then draw}) 42. Kf3 $1 $16 {Whoops. Black is
now a simple, clear pawn down, and I now had ample time to come to grips with
the depressing reality.} Kf8 43. h5 (43. Ke4 {was probably good, coming to d4
without delay. My intended attempt to activate the king now fails:} Ke7 $2 44.
Kd4+ Kd6 45. Rf2 $18) 43... Rca5 44. Ra2 Rf6+ (44... Ra4 45. Re4 Rf6+ 46. Ke3
Rf1 $14 {is probably the best way to put up resistance.}) 45. Ke4 Ke7 46. Re3
Rfa6 47. Kd4+ Kd7 48. Rf3 Ke7 49. Raf2 f6 50. Re2+ Kf7 51. Rfe3 {During the
game, I felt this to be a mistake, but this is not really the case.} (51. Ra2 {
was another way to proceed, consolidating the gains that have already been
made and continuing with Rb3-b7.}) 51... f5 52. Ra2 fxg4 53. Re4 Rf6 54. Rxg4
Rf3 55. Re4 (55. Ke5 $18 {is given by all the 'Let's Check' engines as winning.
}) 55... Ra8 56. d6 $2 (56. Re3 Rf4+ 57. Ke5 Rxc4 58. Rexa3 Re8+ 59. Kf5 Rd4
60. Ra7+ $18 {seems clear enough in spite of the reduced material.}) 56... Rf5
$2 (56... Kf6 $1 {leads to a draw with best play!}) 57. Kc3 (57. Re5 Rxe5 58.
Kxe5 Ra5+ 59. Kd4 Ke6 60. c5 $18 {looks like Black might have created a
fortress, but in fact it falls short by one tempo.}) 57... Rd8 58. Rd2 Rxh5 59.
Re7+ Kf6 60. Rf2+ Kg6 61. Re6+ Kg7 62. Kd4 Rh4+ $2 (62... Rg5 $14 {probably
put up the best resistance, getting ready to run the h-pawn as well.}) 63. Kd5
Ra8 64. Re7+ (64. d7 $1 {wins in spite of the d-file skewer tactics:} a2 65.
Re7+ $1 Kg6 66. Rg2+ $1 Kf6 67. Re1 {and White has arranged to queen with
check!}) 64... Kg6 65. Rg2+ Kf6 66. Rf2+ Kg6 67. Ra2 $2 (67. d7 $18 {still
wins.}) 67... Ra5+ {Now Black is back within relatively secure drawing
territory.} 68. c5 Rh5+ 69. Ke6 (69. Re5 Rxc5+ 70. Kxc5 Rxe5+ 71. Kc6 Re3 $11 {
should not cause Black any problems either.}) 69... Rhxc5 70. Rg2+ Rg5 71. Ra2
(71. Rxg5+ {leads to fascinating variations, which with the clock ticking my
opponent was unwilling or unable to try and work out.} hxg5 72. d7 Ra8 $1 {
I had worked out at the board that Black needs to stop the new white queen
from having access to g8, and furthermore that the 6th rank rook checks are
also to be avoided, but was not sure whether the whole variation was a draw or
not, for a reason we shall see.} 73. Re8 Ra6+ $1 74. Kd5 a2 75. Rg8+ $1 (75.
d8=Q $4 a1=Q 76. Rg8+ Kh7 $1 {and White's checks are at an end!}) 75... Kh7 76.
Rh8+ Kxh8 77. d8=Q+ Kh7 $1 {This is the best White could have done. A bit of
probing shows he could not have won the rook with checks, and so this is just
a draw.} 78. Qd7+ Kh6 $11) 71... Rge5+ 72. Kd7 Ra7+ 73. Kd8 Ra8+ 74. Kd7 Ra7+ (
74... Rd5 $5 {occurred to me as a possibility for playing on myself, but I
have a bad track record when tempting fate, and also I could not believe that
the position was anything but 0.00.}) 75. Kd8 Ra8+ 76. Kd7 {An eventful game.
Probably if we were to divide the point according to judges' scoring, it would
be 0.7-0.3 or similar.} 1/2-1/2

[Event "EU-chT (Men) 21st"]
[Site "Heraklion"]
[Date "2017.11.03"]
[Round "6.1"]
[White "Leko, Peter"]
[Black "Saric, Ivan"]
[Result "1-0"]
[WhiteElo "2679"]
[BlackElo "2662"]
[Annotator "Fernandez,D"]
[PlyCount "117"]
[EventDate "2017.10.28"]
[EventType "team-swiss"]
[EventRounds "9"]
[EventCountry "GRE"]
[SourceTitle "CBM 182"]
[Source "ChessBase"]
[SourceDate "2018.01.17"]
[SourceVersion "1"]
[SourceVersionDate "2018.01.17"]
[SourceQuality "1"]
[WhiteTeam "Hungary"]
[BlackTeam "Croatia"]
[WhiteTeamCountry "HUN"]
[BlackTeamCountry "CRO"]
[WhiteClock "0:12:59"]
[BlackClock "0:08:38"]

{Peter Leko is renowned for playing games of high theoretical value and this
one is no exception.} 1. e4 c5 2. Nf3 d6 3. d4 cxd4 4. Nxd4 Nf6 5. Nc3 a6 6. f3
e5 7. Nb3 Be6 8. Be3 h5 {It seems to be the modern fashion to avoid White's g4
lines, and this is the only move to do so. No fewer than four others merit
mention:} (8... b5 {is unpopular as it allows White a favourable early a4:} 9.
a4 b4 10. Nd5 Bxd5 11. exd5 $14 {and Black does not have the needed ...Nb6
move, or indeed any real development available to his queen's knight.}) (8...
Be7 {is an absolute main line and may be the best order for delaying White's g4
}) (8... Nbd7 {is also played but White's g4 is reasonably strong now}) (8...
Nc6 $5 {is a minor line that maybe should be explored more, with
Sveshnikov-type play in the event of Nd5, and otherwise Black may consider ...
d5, e. g.} 9. Qd2 d5 10. exd5 Nxd5 11. Nxd5 Qxd5 $11 {This position compares
favourably to the analogous variation of my Dragon sideline, 5...g6 6.Be3 Nc6
7.f3 e5!? and notably both have been played as Black by Ljubojevic...}) 9. Nd5
Bxd5 10. exd5 Nbd7 (10... g6 {may be another order.}) 11. Qd2 (11. a4 Rc8 12.
a5 {may indeed deprive Black of ...Nb6, but it loses too much time: now Black
is more interested in the e5-square and other dark squares and could continue}
g6 13. Qd2 Bg7 14. Be2 e4 $1 $40) 11... g6 12. O-O-O {Likely the best move in
light of this game.} (12. Be2 {is the other major way the game could go -
White takes the decision to castle short and not long. A recent game that
followed this path went} Bg7 (12... b6 13. O-O-O $1 $14) 13. Na5 (13. O-O b6
14. c4 O-O $11 {has been solid for Black, e.g. Topalov,V (2749)-Vachier
Lagrave,M (2796) Paris 2017}) 13... Qc7 14. c4 O-O 15. O-O e4 16. f4 (16. b4 $5
$132) 16... Ng4 $11 {Adair,J (2481)-Gormally,D (2462) Llandudno 2017}) (12. Na5
{is more of the same.}) 12... Qc7 (12... Nb6 {has been played most, but a
venomous attacking idea now, which has been tried by both players of the
present game, is the confusing} 13. Kb1 $5 {Probably Saric did not feel like
testing his opponent's preparation in this line...} Nbxd5 (13... Nfxd5 14. Bf2
Nf6 15. Na5 $146 (15. Bd3 $11 {Saric,I (2654)-Palac,M (2568) Porec 2016}) 15...
Qc7 16. Bh4 $1 Nbd7 (16... Be7 17. Bxf6 Bxf6 18. Qxd6 $14) 17. Nc4 $40 {
White keeps annoying pressure, for instance after ...Rc8 either c3 or g3/Bh3
could be considered.}) 14. Bg5 Be7 15. g3 $5 (15. c4 {could be even better})
15... O-O 16. f4 a5 (16... Nb6 $5 {threatens ...Ne4 and cues up to play ...Nc4
in response to Bg2, so is worth considering}) 17. Bg2 (17. a4 $14) 17... a4 $11
{Leko,P (2737)-Giri,A (2730) London 2012}) 13. Kb1 Bg7 {The bishop was going
here anyway.} (13... Ng8 {might be the only other thing Black could consider
doing with the f8-bishop, but after} 14. g4 Bh6 15. g5 {it transpires that the
plan is too slow}) 14. Be2 O-O (14... a5 $5 {could be worth considering since
Bb5 will cost an additional tempo.} 15. Bb5 (15. a4 O-O 16. g4 Nb6 {shows the
problem for White of inserting the a-pawn moves}) 15... a4 16. Na1 O-O 17. c4
Nc5 $132) 15. g4 $1 {Giving Black a time constraint. It may be that this move
forces an advantage.} Rfc8 {Likely the best reaction, ensuring that retreating
the knight to e8 is always acceptable.} (15... a5 16. g5 Ne8 17. Qd3 $40) (
15... hxg4 16. fxg4 Nb6 {is the obvious recommendation, but there is now a
whole lot less in the way of a White attack beginning with} 17. h4 $1 Nc4 (
17... Nfxd5 18. h5 $16) 18. Bxc4 Qxc4 19. h5 Nxg4 20. Rdg1 {From my cursory
further analysis it seems Black is in considerable trouble.}) 16. Rc1 a5 (16...
Nb6 17. c4 {now makes no sense.}) 17. g5 Ne8 18. a4 $14 Qd8 (18... Nb6 19. Bb5
Nc4 (19... e4 $5 $14 {should be considered, but the situation isn't good if
Black has to do this}) 20. Qe2 Nxe3 21. Qxe3 {is not a great improvement,
since White can easily continue with Bxe8 (if he feels necessary) and then
Nd2-e4, b3, c4 ideas, when Black has absolutely no freedom at all.}) 19. Bb5 (
19. Bf2 $5 $14 {could be preferable, since Black doesn't have a waiting move.})
19... Nc7 20. c4 Nxb5 21. cxb5 {White has now established a near-total
blockade.} Nb6 $2 {Maybe there was a chance here to exploit the slight
inaccuracy of Bb5; certainly, the simplifying combination that the text allows
should be avoided.} (21... e4 22. f4 {doesn't change much}) (21... f5 $1 {
was a good try to get some counterplay.} 22. h4 (22. Rxc8 Rxc8 23. Qxa5 b6 24.
Qb4 f4 $11) 22... e4 23. fxe4 (23. f4 Nb6 $132) 23... Qe8 24. Qg2 fxe4 {
White still has an easier position, but time is running out a little bit and
it is not obvious to me that any of the ways of cashing in are that great.})
22. Rxc8 {White now asserts control over the position in instructive fashion.}
Rxc8 23. Qxa5 Nxd5 24. Qxd8+ Rxd8 25. Ba7 $1 {The real reason for picking this
game was this far-sighted manoeuvre.} (25. Bf2 Nf4 {gives Black a little
breathing room and play (...Nh3, ...d5)}) 25... Ra8 (25... Nb4 {is only
pseudo-active:} 26. a5 Ra8 27. Bb6 Nd5 28. Bf2 Nf4 29. Rd1 Bf8 30. a6 $1 $16) (
25... Nf4 26. a5 Nh3 27. a6 $18) 26. b6 Nxb6 (26... Ne7 27. Rc1 Nc8 28. Rxc8+
Rxc8 29. Na5 {was the alternative, and now Black can give his bishop rather
than rook for the pawn, but it doesn't help.} e4 30. fxe4 Bd4 31. Nxb7 Bxb6 32.
Bxb6 Rb8 33. a5 Rxb7 34. Kc2 $18) 27. Bxb6 $16 {With only two pawns for the
piece, Black is now really just clutching at straws.} Rxa4 28. Be3 Rb4 29. Nd2
d5 30. Kc2 f5 31. gxf6 Bxf6 32. Rg1 Kf7 33. b3 Rh4 34. Nf1 Rh3 35. Rg3 Rxg3 {
It seems that trading rooks is a practical error, since one can say with some
certainty that the resulting position is lost.} 36. Nxg3 (36. hxg3 g5 {would
have left a white minor piece tied down in the long run to meet the h-pawn.})
36... Ke6 37. Kd3 Be7 38. Ke2 Bd8 39. Nf1 Be7 40. Bd2 Bd8 41. Ne3 Bc7 42. h3
Bd8 43. Nd1 Be7 44. Nc3 Bb4 (44... Bd6 $5 {If Black recognises that any
winning plan must include f4, he could try this.} 45. Nb5 Bb8 46. h4 Kd7 47. f4
exf4 48. Kf3 Be5 49. Bxf4 Bf6 50. Bg5 $16) 45. Nb5 Bc5 46. Be3 Be7 47. f4 {
White had completed his re-organisation (having made sure ...e4 was never
check) and now this push comes.} e4 48. Ba7 Kd7 49. Nd4 Kc7 50. Nb5+ Kc6 51.
Nd4+ Kc7 52. f5 $1 $18 {The final break to smash what's left of the Black
fortress.} gxf5 53. Nxf5 Bf8 54. Bd4 Kc6 55. Ng3 Kb5 56. Kd2 Bh6+ 57. Kc2 e3
58. Nf5 e2 59. Bf2 {A powerful opening concept and great execution. White may
have only made one small error all game (Bb5.)} 1-0

[Event "BRA-ch 76th"]
[Site "Americana"]
[Date "2009.12.03"]
[Round "2"]
[White "Fier, Alexandr"]
[Black "Bittencourt, Jorge"]
[Result "1-0"]
[WhiteElo "2653"]
[BlackElo "2454"]
[Annotator "Fier,A"]
[PlyCount "75"]
[EventDate "2009.12.02"]
[EventType "tourn"]
[EventRounds "11"]
[EventCountry "BRA"]
[EventCategory "9"]
[SourceTitle "CBM 134"]
[Source "ChessBase"]
[SourceDate "2010.01.18"]
[SourceVersion "1"]
[SourceVersionDate "2010.01.18"]
[SourceQuality "1"]

1. e4 c5 2. Nf3 d6 3. d4 cxd4 4. Nxd4 Nf6 5. Nc3 a6 6. Be3 {This was the first
time I had played 6.Be3 in an important tournament... 6.Bg5 is my pet line.} e5
7. Nb3 Be6 8. f3 Nbd7 9. g4 b5 (9... Nb6 10. g5 Nh5 11. Qd2 Be7 12. O-O-O O-O {
was expected, but my opponent played another interesting variation.}) 10. g5 b4
11. Ne2 Nh5 12. Qd2 Be7 (12... a5 {is the main line, and after} 13. Ng3 Nxg3
14. hxg3 a4 15. Nc1 Qa5 16. f4 g6 17. Nd3 {I think the position is more
comfortable for White.}) 13. Ng3 Nf4 14. h4 h6 15. gxh6 $1 (15. Bxf4 {when I
was preparing for the game and saw this variation, I thought that it was not
easy to find an advantage for White...} exf4 16. Nh5 Bxb3 17. axb3 Kf8 $1 (
17... g6 18. Nxf4 hxg5 19. Nd5 {is too dangerous for Black.}) 18. g6 $5 {
but after some analysis Black is fine here... So I searched for another
options for White and found a convincing game of Wang Hao with 15.gxh6 and I
played the same.}) 15... Rxh6 (15... Bxh4 16. O-O-O Bxg3 (16... Rxh6 {
transposes.}) 17. hxg7 Rg8 18. Rh8 Nf6 19. Qxb4 {is just hopeless for Black.})
16. O-O-O Rxh4 $2 (16... Bxh4 {was played before} 17. Nf5 $1 {is better than
the game} (17. Bxf4 exf4 18. Nf5 Bxf5 19. exf5 {Wang Hao - Bu Xiangzhi,
China-ch 2006}) 17... Bxf5 18. exf5 Kf8 19. Kb1 {with some advantage for White.
}) 17. Rxh4 Bxh4 18. Nf5 Bxf5 19. exf5 {Now we have reached the same position
as after 16...Bxh4, but without the rooks. The difference is that black king
is more exposed and the d6-pawn is hanging... I think thet White has a clear
advantage already.} Be7 20. Qxb4 a5 21. Qa4 Kf8 22. Bb5 Nf6 (22... Nb6 {fails}
23. Qe4 Rc8 24. Rh1 Kg8 25. f6 Bxf6 26. Qh7+ Kf8 27. Qh8+ Ke7 28. Qxd8+ Rxd8
29. Nxa5 $1 (29. Bxb6 $4 Rb8 $11) 29... Ke6 30. Nc6 Rd7 31. Nd4+ exd4 32. Bxd7+
Nxd7 33. Bxf4 $18) 23. Bc6 Rc8 24. Nxa5 {with the bishop pair and control of
the queenside, is only matter of time.} Qc7 25. Qb5 Rb8 26. Qa6 Ne2+ 27. Qxe2
Qxa5 28. a4 d5 29. Bb5 Qc7 30. Qh2 Rc8 31. Ba6 $2 (31. Rxd5 {was easier} Qxc2+
32. Qxc2 Rxc2+ 33. Kxc2 Nxd5 34. Bf2 {and Black can resign.}) 31... Ra8 32. Rg1
Bc5 {I forgot about this... But the position is still winning anyway. Now I
can't play Qh8 winning the rook because the g1=rook will be hanging too.} 33.
Bxc5+ (33. Qh8+ $2 Ke7 34. Bxc5+ Qxc5 35. Qxa8 Qxg1+ {draws.}) 33... Qxc5 34.
Bb5 Rc8 35. Kb1 e4 36. fxe4 Nxe4 37. Rd1 Rc7 $2 38. Rxd5 1-0

[Event "POL-ch"]
[Site "Poznan"]
[Date "2016.04.06"]
[Round "8"]
[White "Kanarek, Marcel"]
[Black "Wojtaszek, Radoslaw"]
[Result "0-1"]
[WhiteElo "2532"]
[BlackElo "2713"]
[Annotator "Fischer,J"]
[PlyCount "90"]
[EventDate "2016.03.30"]
[EventType "tourn"]
[EventRounds "9"]
[EventCountry "POL"]
[EventCategory "15"]
[SourceTitle "CBM 172"]
[Source "ChessBase"]
[SourceDate "2016.05.12"]
[SourceVersion "1"]
[SourceVersionDate "2016.05.12"]
[SourceQuality "1"]

1. e4 c5 2. Nf3 d6 3. d4 cxd4 4. Nxd4 Nf6 5. Nc3 a6 6. Nb3 {Retreating the
knight before it is chased away by ...e5. However, while this move avoids the
heavily analysed main lines it does not put any pressure on Black.} Nbd7 7. g4
$146 {A novelty on move seven - a rare event in the Najdorf.} h6 8. Bg2 b5 {
Black counters White's aggression with some aggression of his own.} 9. h4 (9.
e5 $2 Nxe5 10. Bxa8 Bxg4 {is not really an option.}) 9... b4 10. Nd5 Nxd5 11.
exd5 Ne5 12. f3 g6 13. Be3 Bg7 14. Bd4 O-O 15. g5 a5 16. gxh6 Bxh6 17. h5 {
White does not care much about the safety of his own king because he hopes to
attack Black's king. But it is hard to believe that this strategy can be
successful - after all, White's rooks are not connected, the knight on b3 will
need a lot of time before he can join the attack and Black is better developed.
} Bf4 18. Nc1 Bg3+ 19. Kf1 Ba6+ 20. Ne2 Qd7 21. hxg6 fxg6 22. Bh3 Qb5 23. Be6+
Kg7 24. Kg2 {There was no adequate defense against the threat ...Rxf3. After
the text-move Black liquidates to a better endgame.} Qxe2+ 25. Qxe2 Bxe2 26.
Kxg3 Rxf3+ 27. Kg2 Rf4 28. Be3 Bf3+ 29. Kg3 Bxh1 30. Bxf4 Be4 {Black is a pawn
up and White has no real threats.} 31. Bg5 Re8 32. Kf4 Bxc2 33. Rh1 Nd3+ 34.
Ke3 Nc5 35. Bh6+ Kf6 36. Rf1+ Bf5 37. Bxf5 gxf5 38. Rg1 Ke5 39. Rd1 Rg8 40.
Bf4+ Kf6 41. Kf3 Rg4 42. Rd2 Nd7 43. b3 Ne5+ 44. Ke3 Ng6 45. Bh2 Re4+ 0-1